MESTSKÁ KNIŽNICA GIRALTOVCE  - online katalóg 

Fotografia 2 (Record no. 14915)

000 -NÁVESTIE
fixed length control field 00712nam a2200205 a 4500
008 - ÚDAJE S PEVNOU DĹŽKOU – VŠEOBECNÉ INFORMÁCIE
fixed length control field 951213s1975||||[C 0 slo c
020 ## - MEDZINÁRODNÉ ŠTANDARDNÉ ČÍSLO KNIHY (ISBN)
Údaje o dostupnosti 15,50 Kčs.
Qualifying information (4890 výtl.)
040 ## - ZDROJ KATALOGIZÁCIE
Pôvodná katalogizujúca agentúra SNK
Jazyk katalogizácie slo
Prepisujúca agentúra SNK
Konvencie popisu AACR2
041 1# - KÓD JAZYKA
Kód jazyka textu/zvukovej stopy alebo samostatných nápisov slo
Kód jazyka originálu a/alebo sprostredkujúcich prekladov textu slo
044 ## - KÓD KRAJINY VYDAVATEĽA/PRODUCENTA
Kód krajiny MARC xo
Kód krajiny ISO SK
080 ## - ČÍSLO MEDZINÁRODNÉHO DESATINNÉHO TRIEDENIA (MDT)
Číslo Medzinárodného desatinného triedenia (MDT) 77.01/.02+771.5(075.3)
080 ## - ČÍSLO MEDZINÁRODNÉHO DESATINNÉHO TRIEDENIA (MDT)
Číslo Medzinárodného desatinného triedenia (MDT) 771.5(075.3)
100 1# - OSOBNÉ MENÁ – VŠEOBECNÉ INFORMÁCIE
Osobné meno Absolon, Ľudovít
Kód roly aut
245 10 - NÁZOV
Názov Fotografia 2
Zvyšok názvu Náuka o materiáli pre 1., 2. a 3. ročník odborných učilíšť a učňovských škôl, učebný odbor fotograf
Údaj o zodpovednosti atď. Ľudovít Absolon
250 ## - ÚDAJ O PORADÍ VYDANIA
Údaj o poradí vydania 4., nezm. vyd.
260 ## - VYDAVATEĽSKÉ ÚDAJE, DISTRIBÚCIA ATĎ.
Miesto publikovania, distribúcie atď. Bratislava
Názov vydavateľa, distibútora atď. SPN
Dátum publikovania, distribúcie atď. 1975
Miesto výroby Prešov
Výrobca Duklianske tlačiarne
300 ## - FYZICKÝ POPIS
Rozsah 255 s., 15,27 AH
Ďalšie fyzické detaily Tb. Fot. Grafy. Sch.
Rozmery 21 cm
500 ## - VŠEOBECNÁ POZNÁMKA
Formátovaná poznámka o obsahu Reg.
958 ## - Formálny deskriptor
Formálny deskriptor A
Holdings
Stav stiahnutia (Blokovanie) (Withrawn status) Stav straty Stav poškodenia (Damaged status) Nie pre výpožičky (Not for loan) Spôsob nadobudnutia (Collection code) Trvalé umiestnenie Aktuálne umiestnenie Dátum nadobudnutia Náklady, bežná kúpna cena Inventárne číslo (prírastkové číslo) Full call number Dátum posledného výskytu Cena s účinnosťou od Typ jednotky Koha
        Kúpa Mestská knižnica Giraltovce Mestská knižnica Giraltovce 2019-11-29 15.50 13956 I 0055 2019-11-29 2019-11-29 Odborná literatúra pre dospelých

Powered by Koha